Largest Cities In Illinois - Statistics

General Stats
  • This quiz has been taken 70 times
  • The average score is 8 of 11
Answer Stats
Pop. City % Correct
2,695,598 Chicago
100%
114,868 Springfield
96%
147,682 Naperville
85%
147,051 Rockford
83%
200,965 Aurora
81%
112,883 Peoria
79%
148,462 Joliet
75%
87,432 Champaign
70%
112,456 Elgin
66%
82,552 Cicero
55%
87,729 Waukegan
51%
No matching quizzes found
Score Distribution
Percent of People with Each Score
Percentile by Number Answered
Your Score History
You have not taken this quiz